Clubs de football commençant par D - Statistiques

Statistiques générales
  • Ce quiz a été pris 467 fois
  • Le résultat moyen est 6 sur 10
Statistiques - réponses
Par images Réponse % Correct
Dijon FCO
97%
Dinamo Zagreb
84%
Dynamo Kiev
84%
Deportivo La Corogne
68%
Derby County
67%
Deportivo Alaves
58%
Dynamo Moscou
47%
Darmstadt 98
33%
Daegu FC
8%
Déportivo Cali
7%
Aucun quiz correspondant
Distribution des résultats
% des personnes avec chaque résultat
Percentile par nombre de réponses
Votre historique - résultats
Vous n’avez pas pris ce quiz